[Event "ch-city B"]
[Site "Warszawa"]
[Date "2013.05.13"]
[Round "3.22"]
[White "Kalhorn, Marcin"]
[Black "Wisniewski, Slawomir"]
[Result "1-0"]
[WhiteElo "1645"]
[BlackElo "1259"]
[PlyCount "117"]
[EventDate "2013.05.11"]
[EventType "swiss"]
[EventRounds "9"]
[EventCountry "POL"]

1. d4 d5 2. Nf3 c5 3. e3 Nc6 4. b3 Bg4 5. Bb2 e6 6. Be2 Bd6 7. dxc5 Qa5+ 8.
Nbd2 Bxf3 9. Bxf3 Be5 10. Bxe5 Nxe5 11. O-O Ne7 12. Be2 Qxc5 13. c4 O-O 14. Rc1
Rfd8 15. Qc2 Rac8 16. Qb1 N5c6 17. Nf3 Qd6 18. Rfd1 Ng6 19. Rd2 a6 20. Rcd1 Qc5
21. cxd5 Rxd5 22. Rxd5 exd5 23. Rc1 Qd6 $11 24. Qb2 Rd8 25. Rd1 Qc5 26. Nd4
Nge7 27. Rc1 Qd6 28. g3 Qf6 29. Rd1 Nf5 30. Qd2 Nfe7 31. Bf1 Qd6 32. Bg2 Qb4
33. Qxb4 Nxb4 34. a3 Nbc6 35. Nxc6 bxc6 36. b4 Nc8 37. Rc1 Rd6 38. Rc5 Na7 39.
Ra5 Kf8 40. Rxa6 Nb5 41. Bf1 Nc7 42. Rb6 Ke7 43. a4 Na8 44. Rb7+ Rd7 45. Rxd7+
Kxd7 46. a5 Kc7 47. Bd3 g6 48. Kf1 Kd6 49. Ke2 Nc7 50. Kd2 Kd7 51. Kc3 Kd6 52.
Kb3 Kd7 53. Ka4 Kc8 54. b5 cxb5+ 55. Bxb5 Kb8 56. Kb4 Ka7 57. Kc5 Kb7 58. a6+
Ka7 59. Kc6 1-0

[Event "ch-city B"]
[Site "Warszawa"]
[Date "2013.05.14"]
[Round "4.1"]
[White "Sawicki, Wojciech"]
[Black "Koziol, Pawel"]
[Result "0-1"]
[WhiteElo "1797"]
[BlackElo "1883"]
[PlyCount "138"]
[EventDate "2013.05.11"]
[EventType "swiss"]
[EventRounds "9"]
[EventCountry "POL"]

1. e4 e5 2. Nf3 Nc6 3. Bb5 a6 4. Ba4 Nf6 5. O-O Be7 6. Re1 b5 7. Bb3 d6 8. c3
O-O 9. d4 Bg4 10. d5 Na5 11. Bc2 Qc8 12. h3 Bd7 13. Nbd2 c6 14. b4 Nb7 15. dxc6
Qxc6 16. Bb2 Nd8 17. Bb3 Ne6 18. g3 h6 19. Kg2 Qb6 20. Qe2 Nh7 21. Qd3 Kh8 22.
Nf1 Neg5 23. Nxg5 Nxg5 24. g4 Ne6 25. Bc1 Bg5 26. Bxg5 hxg5 27. Bxe6 Bxe6 28.
Ne3 Rac8 29. Rec1 Qb7 30. f3 Rfd8 31. a4 d5 32. exd5 Bxd5 33. Nxd5 Rxd5 34. Qe3
Rcd8 35. Rc2 Rd3 36. Qe2 Qc6 37. axb5 axb5 38. Rac1 Qf6 39. Qe4 Qd6 40. Re1 f6
41. Ree2 Qb6 42. c4 R3d4 43. Qe3 bxc4 44. Rxc4 Qb5 45. Rxd4 Rxd4 46. Rb2 Rxb4
47. Rxb4 Qxb4 48. Qd3 Qb2+ 49. Kg1 Qc1+ 50. Kg2 Qc7 51. Qg6 Qd7 52. Kg3 Kg8 53.
h4 gxh4+ 54. Kxh4 Qd2 55. Qe8+ Kh7 56. Qh5+ Qh6 57. g5 Qxh5+ 58. Kxh5 g6+ 59.
Kg4 f5+ 60. Kg3 Kg7 61. Kf2 Kf7 62. Ke3 Ke6 63. Kd3 Kd5 64. Ke3 Kc4 65. Kd2 Kd4
66. Ke2 f4 67. Kd2 e4 68. fxe4 Kxe4 69. Ke2 Kf5 0-1

[Event "ch-city B"]
[Site "Warszawa"]
[Date "2013.05.14"]
[Round "4.2"]
[White "Milczarek, Robert"]
[Black "Kaminski, Jan"]
[Result "0-1"]
[WhiteElo "1848"]
[BlackElo "1738"]
[PlyCount "72"]
[EventDate "2013.05.11"]
[EventType "swiss"]
[EventRounds "9"]
[EventCountry "POL"]

1. d4 Nf6 2. Nf3 d5 3. c4 c6 4. e3 e6 5. Nc3 Nbd7 6. Qc2 Bd6 7. b3 O-O 8. Be2
a6 9. Bb2 Re8 10. O-O e5 11. dxe5 Nxe5 12. cxd5 cxd5 13. Rad1 Be6 14. Nxe5 Bxe5
15. Bf3 Qc7 16. Qd3 Bxh2+ 17. Kh1 Rad8 18. g3 Bxg3 19. fxg3 Qxg3 20. Qe2 d4 21.
Rxd4 Rxd4 22. exd4 Bxb3 23. Qf2 Qh3+ 24. Kg1 Bc4 25. Rd1 Ng4 26. Qg2 Qxg2+ 27.
Bxg2 b6 28. Bf3 f5 29. Bd5+ Bxd5 30. Nxd5 Re2 31. Rb1 b5 32. Nc7 f4 33. Bc3 Rc2
34. Ba5 f3 35. Nd5 Rg2+ 36. Kf1 Rh2 0-1

[Event "ch-city B"]
[Site "Warszawa"]
[Date "2013.05.14"]
[Round "4.3"]
[White "Kowalczyk, Waldemar"]
[Black "Jaskowski, Piotr"]
[Result "1-0"]
[WhiteElo "1747"]
[BlackElo "1826"]
[PlyCount "117"]
[EventDate "2013.05.11"]
[EventType "swiss"]
[EventRounds "9"]
[EventCountry "POL"]

1. d4 f5 2. c4 Nf6 3. Nc3 g6 4. g3 Bg7 5. Bg2 O-O 6. Nf3 d6 7. O-O Qe8 8. d5 c6
9. Bf4 Na6 10. Qd2 Nc5 11. Nd4 Bd7 12. f3 Nh5 13. Bg5 e5 14. dxe6 Nxe6 15. Nxe6
Bxe6 16. b3 d5 17. cxd5 cxd5 18. Be3 f4 19. gxf4 Qd8 20. Rad1 d4 21. Bxd4 Nxf4
22. Bxg7 Qg5 23. e3 Nh3+ 24. Kh1 Kxg7 25. Ne4 Qe7 26. Qd6 Qxd6 27. Rxd6 Bf5 28.
Ng3 Ng5 29. Nxf5+ Rxf5 30. f4 Raf8 31. Rd7+ Kh8 32. Rxb7 a5 33. Rd7 Nf7 34. Rd5
Rf6 35. Rxa5 Rd6 36. Rd5 Rc6 37. Rd7 Rc2 38. a4 g5 39. Be4 Re2 40. Rd3 Rc8 41.
Rd7 Nd6 42. Rxh7+ Kg8 43. Bb1 Rc3 44. fxg5 Rcxe3 45. g6 Re1 46. Rxe1 Rxe1+ 47.
Kg2 Rxb1 48. Rd7 Nf5 49. Rb7 Nd4 50. b4 Nc2 51. b5 Rb4 52. Ra7 Nd4 53. Kg3 Nb3
54. h4 Nc5 55. h5 Nxa4 56. b6 Rb3+ 57. Kf4 Rb4+ 58. Ke3 Rb3+ 59. Kd2 1-0

[Event "ch-city B"]
[Site "Warszawa"]
[Date "2013.05.14"]
[Round "4.5"]
[White "Kacprzak, Karol"]
[Black "Wyszomirski, Krzysztof"]
[Result "1/2-1/2"]
[WhiteElo "1792"]
[BlackElo "1747"]
[PlyCount "66"]
[EventDate "2013.05.11"]
[EventType "swiss"]
[EventRounds "9"]
[EventCountry "POL"]

1. c4 d6 2. Nc3 Nf6 3. g3 c5 4. Bg2 Nc6 5. Nf3 g6 6. O-O Bg7 7. d3 Bd7 8. Rb1
Qc8 9. Re1 O-O 10. a3 a5 11. Bg5 Qd8 12. Qd2 Re8 13. Bh6 Bh8 14. e4 Ng4 15. h3
Nxh6 16. Qxh6 Bg7 17. Qf4 Ne5 18. Nxe5 Bxe5 19. Qd2 Bc6 20. f4 Bg7 21. Nd5 Bxd5
22. cxd5 Bd4+ 23. Kh2 e5 24. dxe6 fxe6 25. f5 Qf6 26. fxe6 Qxe6 27. Rf1 Rf8 28.
h4 Qe5 29. b3 b6 30. Bh3 Kg7 31. Bd7 Rf6 32. Rxf6 Qxf6 33. Bh3 Rf8 $11 1/2-1/2

[Event "ch-city B"]
[Site "Warszawa"]
[Date "2013.05.14"]
[Round "4.6"]
[White "Grzenkowicz, Lukasz"]
[Black "Praczukowski, Stanislaw"]
[Result "0-1"]
[WhiteElo "1605"]
[BlackElo "1859"]
[PlyCount "98"]
[EventDate "2013.05.11"]
[EventType "swiss"]
[EventRounds "9"]
[EventCountry "POL"]

1. e4 c5 2. Nf3 d6 3. d4 cxd4 4. Nxd4 Nf6 5. Bd3 g6 6. O-O Bg7 7. c3 O-O 8. Na3
Nbd7 9. f3 d5 10. exd5 Nxd5 11. Ndc2 Ne5 12. Be2 Qb6+ 13. Kh1 Rd8 14. Qe1 Bf5
15. Qf2 Qxf2 16. Rxf2 Nd3 17. Bxd3 Bxd3 18. g3 Rac8 19. Bd2 e5 20. Re1 f5 21.
Ne3 Nf6 22. g4 e4 23. g5 Nh5 24. f4 Bf8 25. Nec2 b5 26. Be3 Rd7 27. Nb1 a5 28.
a3 Rb7 29. Rd1 b4 30. axb4 axb4 31. Nxb4 Bxb4 32. cxb4 Rxb4 33. Nd2 Rxb2 34.
Nf1 Rxf2 35. Bxf2 Nxf4 36. Bg3 Ne6 37. h4 Nd4 38. Ne3 Ra8 39. Be5 Nf3 40. Bg3
Ra2 41. Rc1 Ra8 42. Kg2 Rf8 43. Nd5 f4 44. Nf6+ Kf7 45. Rc7+ Ke6 46. Bxf4 Ra8
47. Rc6+ Kf5 48. Rc5+ Kxf4 49. Nd5+ Kg4 0-1

[Event "ch-city B"]
[Site "Warszawa"]
[Date "2013.05.14"]
[Round "4.7"]
[White "Wrabel, Antoni"]
[Black "Traczyk, Pawel"]
[Result "1/2-1/2"]
[WhiteElo "1701"]
[BlackElo "1780"]
[PlyCount "71"]
[EventDate "2013.05.11"]
[EventType "swiss"]
[EventRounds "9"]
[EventCountry "POL"]

1. e4 d6 2. d4 Nf6 3. Nc3 g6 4. Nf3 Bg7 5. Be2 O-O 6. h3 c6 7. O-O Nbd7 8. Be3
Qc7 9. Qd2 b5 10. g3 a6 11. Rfe1 e5 12. Bh6 Bb7 13. Bxg7 Kxg7 14. Bf1 Rfe8 15.
dxe5 dxe5 16. Rad1 Rad8 17. Qe3 Nf8 18. Rxd8 Rxd8 19. Rd1 Rxd1 20. Nxd1 $11 c5
21. Nc3 N8d7 22. Nd2 Qd6 23. f3 Qd4 24. Kf2 Ne8 25. Nd1 Nd6 26. Be2 f5 27. c3
Qxe3+ 28. Kxe3 f4+ 29. Kf2 c4 30. b3 cxb3 31. Nxb3 Nb6 32. Nb2 Bc8 33. Nc5 Kf6
34. a4 Nbc4 35. Nbd3 Na3 36. Nb4 $11 1/2-1/2

[Event "ch-city B"]
[Site "Warszawa"]
[Date "2013.05.14"]
[Round "4.8"]
[White "Nowak, Edward"]
[Black "Pacan-Milej, Kosma"]
[Result "1-0"]
[WhiteElo "1766"]
[BlackElo "1405"]
[PlyCount "97"]
[EventDate "2013.05.11"]
[EventType "swiss"]
[EventRounds "9"]
[EventCountry "POL"]

1. Nf3 c6 2. c4 d6 3. d4 Nd7 4. Nc3 e5 5. d5 cxd5 6. cxd5 Ngf6 7. e4 Nc5 8. Be2
Bd7 9. Nd2 Be7 10. b4 Na6 11. a3 Nc7 12. a4 O-O 13. O-O Qc8 14. Bb2 Nfe8 15.
Rc1 Qd8 16. Bg4 f5 17. exf5 Bxf5 18. Bxf5 Rxf5 19. Nce4 Rf8 20. b5 Kh8 21. Qb3
Bg5 22. Nxg5 Qxg5 23. Ne4 Qg6 24. f3 h5 25. Ba3 Rf7 26. Qc2 Qh6 27. Qd3 Re7 28.
Rc3 Rd8 29. Bc1 Qh7 30. Bg5 Rdd7 31. Bxe7 Rxe7 32. Rfc1 h4 33. a5 h3 34. g3 a6
35. bxa6 Nxa6 36. Ng5 Qxd3 37. Rxd3 Nb4 38. Rd2 g6 39. Rc4 Na6 40. Rc8 Nc5 41.
Ne4 Nxe4 42. fxe4 Kg7 43. Rdc2 Nf6 44. R2c4 Ng4 45. R8c7 Kf7 46. Rxe7+ Kxe7 47.
Rc7+ Kd8 48. Rxb7 Nf6 49. Rb4 1-0

[Event "ch-city B"]
[Site "Warszawa"]
[Date "2013.05.14"]
[Round "4.11"]
[White "Starczewska, Malgorzata"]
[Black "Woloszyn, Piotr"]
[Result "1-0"]
[WhiteElo "1829"]
[BlackElo "1533"]
[PlyCount "129"]
[EventDate "2013.05.11"]
[EventType "swiss"]
[EventRounds "9"]
[EventCountry "POL"]

1. e4 d5 2. exd5 Nf6 3. d4 Nxd5 4. Nf3 g6 5. Be2 Bg7 6. c3 c6 7. O-O O-O 8.
Nbd2 Nd7 9. Nc4 Qc7 10. Re1 b5 11. Ne3 a6 12. a4 Bb7 13. Nxd5 cxd5 14. axb5 a5
15. Be3 Rfe8 16. Qd2 e5 17. dxe5 Nxe5 18. Bd4 Nc4 19. Qc2 Ne5 20. Nxe5 Bxe5 21.
Bxe5 Rxe5 22. Bf3 Rf5 23. Bg4 Rg5 24. Qe2 h5 25. Bf3 Rf5 26. Qe7 Qb6 27. Qe2
Rd8 28. Rad1 Rd6 29. Qe8+ Kg7 30. Rd4 Rdf6 31. Re5 Re6 32. Rxe6 Qxe6 33. Qxe6
fxe6 34. Ra4 e5 35. Rxa5 e4 36. Be2 Rf7 37. b6 Rf6 38. Ra7 Rxb6 39. Ba6 Rxa6
40. Rxb7+ Kf6 41. Kf1 h4 42. Ke2 g5 43. Ke3 Ke5 44. Rb5 Rc6 45. g3 Ke6 46. gxh4
gxh4 47. Rb8 Kf5 48. h3 Kg5 49. Rb5 Kf6 50. Rxd5 Rb6 51. b4 Ke6 52. Rh5 Kf7 53.
Rxh4 Rc6 54. Rf4+ Kg6 55. Kd4 Rd6+ 56. Kxe4 Kg5 57. Rg4+ Kh5 58. c4 Rd1 59. Rg8
Rc1 60. Kd5 Rc2 61. Rf8 Rd2+ 62. Kc6 Kg6 63. b5 Kg7 64. Rf3 Rc2 65. c5 1-0

[Event "ch-city B"]
[Site "Warszawa"]
[Date "2013.05.14"]
[Round "4.12"]
[White "Herman, Monika"]
[Black "Kazmierczak, Ewa"]
[Result "0-1"]
[WhiteElo "1693"]
[BlackElo "1532"]
[PlyCount "86"]
[EventDate "2013.05.11"]
[EventType "swiss"]
[EventRounds "9"]
[EventCountry "POL"]

1. e4 e6 2. d4 d5 3. exd5 exd5 4. Bd3 Bd6 5. Nf3 Nf6 6. O-O O-O 7. Re1 Bg4 8.
h3 Bh5 9. Be3 Nbd7 10. Nbd2 c6 11. c3 Qc7 12. Qc2 Bg6 13. Bxg6 hxg6 14. Bg5 Nh7
15. Be7 Rfe8 16. Bxd6 Qxd6 17. Qd3 Re7 18. Rxe7 Qxe7 19. Re1 Qd6 20. Re3 Ndf6
21. Qe2 Kf8 22. Nh2 Re8 23. Rxe8+ Nxe8 24. g3 Qe7 25. Kf1 Ng5 26. Qxe7+ Kxe7
27. h4 Ne4 28. Nxe4 dxe4 29. Ke2 f5 30. Ke3 Nd6 31. b3 Kf6 32. c4 g5 33. hxg5+
Kxg5 34. a3 Kf6 35. g4 g6 36. gxf5 gxf5 37. Kf4 b6 38. Nf1 Nb7 39. Ne3 Na5 40.
b4 Nb3 41. d5 cxd5 42. cxd5 Nd4 43. a4 Ne2# 0-1

[Event "ch-city B"]
[Site "Warszawa"]
[Date "2013.05.14"]
[Round "4.13"]
[White "Kwiek, Janusz"]
[Black "Kowal, Cezary"]
[Result "1/2-1/2"]
[WhiteElo "1648"]
[BlackElo "1516"]
[PlyCount "102"]
[EventDate "2013.05.11"]
[EventType "swiss"]
[EventRounds "9"]
[EventCountry "POL"]

1. Nf3 Nf6 2. d4 e6 3. c4 d5 4. Nc3 Bb4 5. e3 Ne4 6. Qc2 O-O 7. a3 Bxc3+ 8.
bxc3 c6 9. Bd3 f5 10. O-O Qf6 11. Ne5 Nd7 12. f4 Qe7 13. cxd5 cxd5 14. a4 Nxe5
15. fxe5 Qe8 16. Ba3 Rf7 17. Bxe4 dxe4 18. Bd6 Bd7 19. c4 Rc8 20. Qb3 a6 21. a5
g5 22. g3 Rg7 23. c5 Bc6 24. Rf2 Bd5 25. Qb2 Qh5 26. Kh1 Qh3 27. Qe2 h5 28. Qf1
Qxf1+ 29. Raxf1 g4 30. Kg2 Kh7 31. Kg1 Rcg8 32. Rb2 Kg6 33. Rff2 Rh8 34. h4
gxh3 35. Rh2 Kf7 36. Rxh3 Rhg8 37. Kh2 Rh7 38. Rf2 Rg4 39. Rf4 Rxf4 40. gxf4 h4
41. Kh1 Rg7 42. Rh2 Rg3 43. Re2 h3 44. Kh2 Rg2+ 45. Rxg2 hxg2 46. Kxg2 Ke8 47.
Kf2 Kd7 48. Ke2 Kc6 49. Kd2 Kb5 50. Bc7 Kc6 51. Bb6 Kb5 $11 1/2-1/2

[Event "ch-city B"]
[Site "Warszawa"]
[Date "2013.05.14"]
[Round "4.14"]
[White "Krawiecki, Stanislaw"]
[Black "Mantaev, Ruslan"]
[Result "1-0"]
[WhiteElo "1629"]
[BlackElo "1224"]
[PlyCount "49"]
[EventDate "2013.05.11"]
[EventType "swiss"]
[EventRounds "9"]
[EventCountry "POL"]

1. e4 e5 2. Nf3 Nc6 3. Bc4 Nf6 4. d4 exd4 5. e5 d5 6. Bb5 Ne4 7. Nxd4 Bd7 8.
Bxc6 bxc6 9. O-O Qh4 10. f3 Ng5 11. Be3 c5 12. Ne2 d4 13. Bf2 Qh6 14. c3 Qg6
15. Nf4 Qf5 16. Nd5 Rc8 17. cxd4 Bc6 18. Nbc3 Be7 19. Nxe7 Kxe7 20. d5 Bb7 21.
Bxc5+ Ke8 22. Qa4+ Kd8 23. f4 Ne4 24. Nxe4 Qxe4 25. Qxe4 1-0

[Event "ch-city B"]
[Site "Warszawa"]
[Date "2013.05.14"]
[Round "4.16"]
[White "Wisniewski, Jacek"]
[Black "Kalhorn, Marcin"]
[Result "0-1"]
[WhiteElo "1471"]
[BlackElo "1645"]
[PlyCount "86"]
[EventDate "2013.05.11"]
[EventType "swiss"]
[EventRounds "9"]
[EventCountry "POL"]

1. e4 c5 2. Nf3 d6 3. Bb5+ Bd7 4. Bxd7+ Qxd7 5. c4 Nf6 6. Nc3 Nc6 7. O-O g6 8.
d4 cxd4 9. Nxd4 Bg7 10. Nde2 O-O 11. Rb1 Qe6 12. Qb3 Rab8 13. Nf4 Qd7 14. Qc2
Ne5 15. b3 Rfc8 16. Qe2 Qc6 17. Ncd5 Kf8 18. Nxf6 Bxf6 19. Nd5 Bg7 20. Bb2 Qd7
21. f4 Nc6 22. f5 Bxb2 23. Qxb2 Kg8 24. Qd2 Qd8 25. Rf2 f6 26. fxg6 hxg6 27.
Qh6 Ne5 28. Rbf1 Qf8 29. Qh3 Qf7 30. Nxf6+ exf6 31. Rxf6 Qg7 32. Re6 Qh7 33.
Qg3 Rf8 34. Rxf8+ Rxf8 35. Rxd6 Qe7 36. Rd5 Re8 37. h4 Kg7 38. h5 g5 39. Qe3 b6
40. Qd4 Kh6 41. Rd6+ Kxh5 42. Qd1+ Ng4 43. Rd4 Qe5 0-1

[Event "ch-city B"]
[Site "Warszawa"]
[Date "2013.05.14"]
[Round "4.17"]
[White "Sobotka, Jan"]
[Black "Moscicka, Pola"]
[Result "0-1"]
[WhiteElo "1578"]
[BlackElo "1463"]
[PlyCount "96"]
[EventDate "2013.05.11"]
[EventType "swiss"]
[EventRounds "9"]
[EventCountry "POL"]

1. e4 c5 2. Nf3 d6 3. d4 cxd4 4. Nxd4 Nf6 5. Nc3 g6 6. Bc4 Bg7 7. O-O O-O 8.
Bb3 Nc6 9. Be3 Ng4 10. Nxc6 bxc6 11. Bf4 Ne5 12. Qd2 Ba6 13. Rfe1 Rb8 14. Bh6
Qb6 15. Bxg7 Kxg7 16. Na4 Qb7 17. Qd4 Kg8 18. f4 Nd7 19. e5 dxe5 20. fxe5 e6
21. Re4 c5 22. Qe3 c4 23. Bxc4 Bxc4 24. Rxc4 Rfc8 25. Rxc8+ Rxc8 26. c3 Qb5 27.
Qxa7 Nxe5 28. b3 Qe2 29. Qf2 Qg4 30. Rf1 f5 31. c4 Nf7 32. Nb6 Ng5 33. Kh1 Rf8
34. a4 Rf7 35. a5 f4 36. Qd4 Qf5 37. g3 Qh3 38. Rxf4 Nf3 39. Qf2 Rxf4 40. gxf4
Nxh2 41. Qg2 Qh4 42. Qxh2 Qe1+ 43. Kg2 Qe2+ 44. Kh3 Qf3+ 45. Qg3 Qh1+ 46. Qh2
Qf3+ 47. Qg3 Qh1+ 48. Kg4 Qh5# 0-1

[Event "ch-city B"]
[Site "Warszawa"]
[Date "2013.05.14"]
[Round "4.18"]
[White "Czorniej, Antonina"]
[Black "Budrewicz, Henryk"]
[Result "1-0"]
[WhiteElo "1394"]
[BlackElo "1573"]
[PlyCount "105"]
[EventDate "2013.05.11"]
[EventType "swiss"]
[EventRounds "9"]
[EventCountry "POL"]

1. d4 e6 2. c4 c5 3. d5 exd5 4. cxd5 d6 5. Nc3 Na6 6. g3 Be7 7. Bg2 Nf6 8. Nf3
O-O 9. O-O Nc7 10. Nd2 b5 11. e4 b4 12. Ne2 Nd7 13. a3 a5 14. axb4 cxb4 15. Nc4
Ne8 16. Re1 Bf6 17. Nd4 Ne5 18. Nxe5 dxe5 19. Nc6 Qd6 20. Rxa5 Rxa5 21. Nxa5
Bd7 22. Nc4 Qa6 23. Qb3 Nd6 24. Nxd6 Qxd6 25. Bd2 Rb8 26. Rc1 Be7 27. Qc2 Rb7
28. b3 h6 29. f4 Qb6+ 30. Kh1 Bd6 31. fxe5 Bxe5 32. Bf4 Bxf4 33. gxf4 Qe3 34.
e5 Qxf4 35. e6 Be8 36. d6 Ra7 37. d7 Bxd7 38. exd7 Rxd7 39. Re1 Rd8 40. Qc4 Qd6
41. Bf3 Rb8 42. Re4 Qf6 43. Rf4 Qa1+ 44. Kg2 Qb2+ 45. Kg3 Rf8 46. Qxb4 Qe5 47.
Qe4 Qd6 48. Kh3 g5 49. Rf5 Rd8 50. Rd5 Qxd5 51. Qxd5 Rxd5 52. Bxd5 Kg7 53. b4
1-0

[Event "ch-city B"]
[Site "Warszawa"]
[Date "2013.05.14"]
[Round "4.21"]
[White "Mincewicz, Tomasz"]
[Black "Gajewski, Zbigniew"]
[Result "1/2-1/2"]
[WhiteElo "1473"]
[BlackElo "1455"]
[PlyCount "96"]
[EventDate "2013.05.11"]
[EventType "swiss"]
[EventRounds "9"]
[EventCountry "POL"]

1. d4 g6 2. Nf3 Nf6 3. g3 Bg7 4. Bg2 d5 5. O-O c6 6. Nbd2 O-O 7. c4 e6 8. b3
Nbd7 9. Ba3 Re8 10. Qc2 b6 11. e4 dxe4 12. Nxe4 Nxe4 13. Qxe4 Bb7 14. Rad1 Qc7
15. Rfe1 Rad8 16. Qe2 Nf6 17. Ne5 Nd7 18. f4 Nxe5 19. dxe5 c5 20. Bb2 Bxg2 21.
Qxg2 Rd7 22. Rd2 Rxd2 23. Qxd2 Rd8 24. Qe2 Qd7 25. Kf2 Qd2 26. Qxd2 Rxd2+ 27.
Re2 Rxe2+ 28. Kxe2 a5 29. Ke3 h5 30. Ke4 Bf8 31. h3 Be7 32. g4 hxg4 33. hxg4
Kf8 34. Bc1 Ke8 35. f5 gxf5+ 36. gxf5 Kd7 37. f6 Bd8 38. a4 Bc7 39. Bf4 Ke8 40.
Bh6 Bb8 41. Bf4 Bc7 42. Kf3 Bb8 43. Kg4 Bc7 44. Kh5 Bb8 45. Kh6 Bc7 46. Kg7 Bb8
47. Kg8 Bc7 48. Kg7 Bb8 1/2-1/2

[Event "ch-city B"]
[Site "Warszawa"]
[Date "2013.05.14"]
[Round "4.24"]
[White "Wisniewski, Slawomir"]
[Black "Cuch, Dariusz"]
[Result "0-1"]
[WhiteElo "1259"]
[BlackElo "1397"]
[PlyCount "84"]
[EventDate "2013.05.11"]
[EventType "swiss"]
[EventRounds "9"]
[EventCountry "POL"]

1. d4 Nf6 2. c4 e6 3. Nc3 Bb4 4. Bd2 d5 5. Nf3 Bxc3 6. Bxc3 O-O 7. e3 dxc4 8.
Bxc4 b6 9. Qd3 h6 10. e4 Bb7 11. d5 exd5 12. Bxf6 Qxf6 13. Bxd5 Bxd5 14. Qxd5
Qxb2 15. O-O Na6 16. Qc4 Nc5 17. Rfe1 Ne6 18. Rad1 c5 19. Rd7 b5 20. Qb3 Qxb3
21. axb3 Rfd8 22. Rb7 a6 23. Ne5 Nd4 24. Nxf7 Rf8 25. Nd6 Nxb3 26. Nxb5 axb5
27. Rxb5 Rab8 28. Rxb8 Rxb8 29. Re3 Kf7 30. Kf1 Ke6 31. f4 c4 32. Ke1 Rd8 33.
g4 Rd4 34. Kf2 Nd2 35. e5 Rxf4+ 36. Ke2 Ne4 37. h3 Kxe5 38. Kd1 Kd4 39. Ra3 c3
40. Ra7 g5 41. Ra6 Rf6 42. Ra4+ Kd3 0-1

[Event "ch-city B"]
[Site "Warszawa"]
[Date "2013.05.15"]
[Round "5.1"]
[White "Koziol, Pawel"]
[Black "Kaminski, Jan"]
[Result "1-0"]
[WhiteElo "1883"]
[BlackElo "1738"]
[PlyCount "55"]
[EventDate "2013.05.11"]
[EventType "swiss"]
[EventRounds "9"]
[EventCountry "POL"]

1. Nf3 Nf6 2. c4 c6 3. g3 d5 4. b3 dxc4 5. bxc4 e5 6. Bb2 e4 7. Nd4 c5 8. Nc2
Nc6 9. Bg2 Bd6 10. Nc3 Bf5 11. Ne3 Bg6 12. Ncd5 Be5 13. Bxe5 Nxe5 14. Qa4+ Nfd7
15. h4 h6 16. h5 Bh7 17. Rh4 f5 18. Rb1 Qc8 19. Bh3 Rf8 20. Nf4 Qc6 21. Qxc6
bxc6 22. Ne6 Ke7 23. Nxf8 Rxf8 24. Rb7 Kd6 25. Rf4 g5 26. hxg6 Nxg6 27. Rxf5
Rxf5 28. Nxf5+ 1-0

[Event "ch-city B"]
[Site "Warszawa"]
[Date "2013.05.15"]
[Round "5.3"]
[White "Praczukowski, Stanislaw"]
[Black "Nowak, Edward"]
[Result "1-0"]
[WhiteElo "1859"]
[BlackElo "1766"]
[PlyCount "70"]
[EventDate "2013.05.11"]
[EventType "swiss"]
[EventRounds "9"]
[EventCountry "POL"]

1. d4 e6 2. c4 f5 3. Nf3 Nf6 4. g3 c6 5. Bg2 Be7 6. O-O O-O 7. Nbd2 d5 8. Ne5
Nbd7 9. Nd3 Ne4 10. Qc2 Nxd2 11. Bxd2 Nf6 12. Bf4 a5 13. a3 Bd7 14. b4 Ne4 15.
c5 Ng5 16. Rfb1 Nf7 17. bxa5 Bc8 18. Bd2 Bf6 19. Bc3 Qc7 20. f4 g5 21. e3 Kh8
22. Rb6 Rg8 23. Rab1 g4 24. Nb4 Nd8 25. Qe2 Rg7 26. Bf1 h5 27. a6 bxa6 28. Nxa6
Qa7 29. R1b3 Rb7 30. Qb2 Kg8 31. Qd2 Kf8 32. Ba5 Ke8 33. Rxb7 Nxb7 34. Bb6 Qxa6
35. Bxa6 Rxa6 1-0

[Event "ch-city B"]
[Site "Warszawa"]
[Date "2013.05.15"]
[Round "5.4"]
[White "Wyszomirski, Krzysztof"]
[Black "Sawicki, Wojciech"]
[Result "0-1"]
[WhiteElo "1747"]
[BlackElo "1797"]
[PlyCount "46"]
[EventDate "2013.05.11"]
[EventType "swiss"]
[EventRounds "9"]
[EventCountry "POL"]

1. e4 e5 2. Nf3 Nc6 3. Bb5 a6 4. Ba4 Nf6 5. O-O Be7 6. Re1 b5 7. Bb3 O-O 8. c3
d5 9. exd5 Nxd5 10. Nxe5 Nxe5 11. Rxe5 c6 12. d4 Bd6 13. Re1 Qh4 14. g3 Qh3 15.
Bxd5 cxd5 16. Qf3 Bf5 17. Qxd5 Rae8 18. Re3 Qh5 19. Qb3 Bh3 20. Nd2 Rxe3 21.
fxe3 Qe2 22. Qd5 Qe1+ 23. Nf1 Qxf1# 0-1

[Event "ch-city B"]
[Site "Warszawa"]
[Date "2013.05.15"]
[Round "5.6"]
[White "Slomski, Arkadiusz"]
[Black "Milczarek, Robert"]
[Result "0-1"]
[WhiteElo "1725"]
[BlackElo "1848"]
[PlyCount "76"]
[EventDate "2013.05.11"]
[EventType "swiss"]
[EventRounds "9"]
[EventCountry "POL"]

1. f4 d5 2. Nf3 Nf6 3. e3 Bg4 4. Be2 Bxf3 5. Bxf3 c6 6. O-O Nbd7 7. d4 e6 8.
Nd2 Bd6 9. c4 dxc4 10. Nxc4 Bc7 11. Qb3 Qb8 12. Bd2 Nd5 13. g3 h5 14. h4 f6 15.
Qd3 Kf7 16. e4 Ne7 17. Rae1 b5 18. Ne3 Qb6 19. Nc2 Rad8 20. Be3 Qb8 21. Qb3 Nb6
22. Nb4 Qc8 23. Be2 a5 24. Nc2 a4 25. Qc3 f5 26. exf5 Nbd5 27. fxe6+ Qxe6 28.
Qd3 Qf6 29. Bf3 Nxe3 30. Qxe3 Nf5 31. Qf2 Bb6 32. Kh2 Nxd4 33. Nb4 Nxf3+ 34.
Qxf3 Qxb2+ 35. Qe2 Rd2 36. Rf2 Rxe2 37. Rfxe2 Qxb4 38. Re4 Qd6 0-1

[Event "ch-city B"]
[Site "Warszawa"]
[Date "2013.05.15"]
[Round "5.7"]
[White "Kazmierczak, Ewa"]
[Black "Starczewska, Malgorzata"]
[Result "0-1"]
[WhiteElo "1532"]
[BlackElo "1829"]
[PlyCount "68"]
[EventDate "2013.05.11"]
[EventType "swiss"]
[EventRounds "9"]
[EventCountry "POL"]

1. e4 g6 2. d4 Bg7 3. Nc3 d6 4. f4 c6 5. Nf3 b5 6. a3 a6 7. Be3 e6 8. Qd2 Ne7
9. Bd3 Qc7 10. Ne2 O-O 11. Ng3 c5 12. c3 Bb7 13. Bc2 Nd7 14. Rd1 Nb6 15. Bb3
Rad8 16. Qf2 Nd7 17. O-O Rc8 18. Rd2 Nf6 19. dxc5 dxc5 20. Ng5 c4 21. Bc2 Ng4
22. Qe2 Nxe3 23. Qxe3 h6 24. Nf3 Rcd8 25. Rfd1 Rxd2 26. Rxd2 Rd8 27. Ne2 Rxd2
28. Qxd2 Nc6 29. Qe3 e5 30. f5 gxf5 31. exf5 Qd6 32. Ng3 Ne7 33. Nd2 Nd5 34.
Qd3 cxd3 0-1

[Event "ch-city B"]
[Site "Warszawa"]
[Date "2013.05.15"]
[Round "5.8"]
[White "Jaskowski, Piotr"]
[Black "Wrabel, Antoni"]
[Result "1-0"]
[WhiteElo "1826"]
[BlackElo "1701"]
[PlyCount "77"]
[EventDate "2013.05.11"]
[EventType "swiss"]
[EventRounds "9"]
[EventCountry "POL"]

1. e4 e5 2. Nc3 d6 3. f4 Nc6 4. Nf3 Nf6 5. Bb5 Bg4 6. O-O a6 7. Bxc6+ bxc6 8.
fxe5 dxe5 9. h3 Bxf3 10. Qxf3 Be7 11. d3 Rb8 12. Rb1 O-O 13. Be3 Qd7 14. Qg3
Qe6 15. Rf5 Nd7 16. b3 Kh8 17. Rbf1 g6 18. Bh6 Bf6 19. Bxf8 Rxf8 20. R5f3 Qe7
21. Qf2 Kg7 22. Na4 c5 23. g3 h5 24. Nxc5 Nxc5 25. Rxf6 Ne6 26. Kg2 Nf4+ 27.
Rxf4 exf4 28. Qxf4 f6 29. e5 f5 30. d4 g5 31. Qf3 g4 32. hxg4 hxg4 33. Qf4 Qd8
34. c4 Kg6 35. e6 c6 36. Rh1 Rh8 37. e7 Qg8 38. Qe5 Rxh1 39. e8=Q+ 1-0

[Event "ch-city B"]
[Site "Warszawa"]
[Date "2013.05.15"]
[Round "5.10"]
[White "Traczyk, Pawel"]
[Black "Krawiecki, Stanislaw"]
[Result "1/2-1/2"]
[WhiteElo "1780"]
[BlackElo "1629"]
[PlyCount "120"]
[EventDate "2013.05.11"]
[EventType "swiss"]
[EventRounds "9"]
[EventCountry "POL"]

1. d4 Nf6 2. c4 c5 3. d5 b5 4. cxb5 a6 5. bxa6 Bxa6 6. Nc3 g6 7. e4 Bxf1 8.
Kxf1 d6 9. Nf3 Bg7 10. g3 O-O 11. Kg2 Nbd7 12. a4 Qa5 13. Nd2 Rfb8 14. Qe2 Nb6
15. Nc4 Nxc4 16. Qxc4 Nd7 17. h4 Rb4 18. Qe2 h5 19. Bg5 Rab8 20. Ra2 Kf8 21. g4
hxg4 22. h5 gxh5 23. Rxh5 Ne5 24. Bh6 Bxh6 25. Rxh6 Kg7 26. Qd2 f6 27. Rh4 Rg8
28. Ra1 Kf7 29. Rah1 Qa6 30. Rh7+ Ke8 31. Rh8 Rxh8 32. Rxh8+ Kd7 33. Qf4 Kc7
34. Qf5 Rb8 35. Nb5+ Kb7 36. Rxb8+ Kxb8 37. b3 Qc8 38. Qh7 Qe8 39. Qh6 Kb7 40.
Qh7 Kb8 41. Nc3 Kb7 42. Nd1 Kb8 43. Ne3 Kc7 44. Nf5 Kd7 45. a5 Qf7 46. Qh8 Qe8
47. Qh7 Qf7 48. Qxf7 Nxf7 49. a6 Kc7 50. Nxe7 Kb6 51. Ng8 Kxa6 52. Nxf6 Kb5 53.
Nxg4 Kb4 54. f4 Kxb3 55. e5 dxe5 56. fxe5 c4 57. d6 c3 58. Ne3 Nxe5 59. Kg3 c2
60. Nxc2 Kxc2 $11 1/2-1/2